00815cam a2200253 a 45000010008000000030004000080050017000120080041000290100017000700200015000870400018001020500022001200820015001421000025001572450116001822600050002983000024003485040056003726500018004286500025004466500034004716500025005057100031005301206325OSt20230605120654.0980624s1998 sz b 000 0 eng  a 98164025  a9291420395 aDLCcDLCdDLC00aK3293b.G655 199800a324.7bGIL2 aGoodwin-Gill, Guy S.10aCodes of Conduct for Elections :ba Study Prepared for the Inter-Parliamentary Union /cby Guy S. Goodwin-Gill. a[Geneva] :bInter-parliamentary Union,c1998. ax, 144 p. ;c24 cm. aIncludes bibliographical references (p. [135]-144). 0aElection law. 0aPolitical campaigns. 0aElectionsxCorrupt practices. 0aElection monitoring.2 aInter-parliamentary Union.